| 000 | 01509cam a2200373 a 4500 | ||
|---|---|---|---|
| 001 | 2992 | ||
| 003 | FISKH | ||
| 005 | 20240130095910.0 | ||
| 008 | 941013s1995 nyua 000 0aeng | ||
| 010 | _a 94041379 | ||
| 020 | _a0385473788 | ||
| 020 | _a9780140264739 | ||
| 040 |
_aDLC _cDLC _dDLC _beng |
||
| 041 | 1 |
_aeng _hdut |
|
| 043 | _ae-ne--- | ||
| 050 | 0 | 0 |
_aDS135.N6 _bF73313 1995 |
| 082 | 0 | 0 |
_a940.53/18/092 _220 |
| 100 | 1 |
_aFrank, Anne, _d1929-1945. |
|
| 245 | 1 | 4 |
_aThe diary of a young girl : _bthe definitive edition / _cAnne Frank ; edited by Otto H. Frank and Mirjam Pressler ; translated by Susan Massotty. |
| 250 | _aThis edition published in 2001 | ||
| 260 |
_aNew York : _bPenguin, _c1995 |
||
| 300 |
_a340 pages : _billustrations, _c18 cm |
||
| 520 | _aA thirteen-year-old Dutch-Jewish girl records her impressions of the two years she and seven others spent hiding from the Nazis before they were discovered and taken to concentration camps. Includes entries previously omitted. | ||
| 600 | 1 | 0 |
_aFrank, Anne, _d1929-1945 _xDiaries. |
| 650 | 0 |
_aHolocaust, Jewish (1939-1945) _zNetherlands _zAmsterdam _xPersonal narratives. |
|
| 650 | 0 |
_aJews _xPersecutions _zNetherlands _zAmsterdam. |
|
| 650 | 0 |
_aJews _zNetherlands _zAmsterdam _xDiaries. |
|
| 651 | 0 |
_aAmsterdam (Netherlands) _xEthnic relations. |
|
| 700 | 1 |
_aFrank, Otto, _d1889-1980. |
|
| 700 | 1 | _aPressler, Mirjam. | |
| 700 | 1 | _aMassotty, Susan. | |
| 906 |
_a7 _bcbc _corignew _d1 _eocip _f19 _gy-gencatlg |
||
| 942 |
_2ddc _cBK _n0 |
||
| 999 |
_c2992 _d2992 |
||